La formación del sociólogo: problemas y perspectivas

保存先:
書誌詳細
第一著者: Quezada Toro, Cecilia
フォーマット: テキスト
出版事項: Panamá
タグ: タグ追加
タグなし, このレコードへの初めてのタグを付けませんか!

MARC

LEADER 00000 a a2200000 04500
001 21560
003
040
090 |a 095500  
100 |a Quezada Toro, Cecilia  
245 |a La formación del sociólogo: problemas y perspectivas  
260 |a Panamá  
300 |a 12 p.  
999 |c 11710  |d 11710